Nic Calvaruso Quiz - Statistics

General Stats
  • This quiz has been taken 5 times
  • The average score is 17 of 51
Answer Stats
Hint Answer % Correct
Height 6"2
100%
Eye color Blue
100%
Last name Calvaruso
100%
Favorite element Potassium
100%
Weight 155
67%
Highest score in bowling 200
67%
Squat (lbs) 260
67%
Amount of stars as a kicker 3.5
67%
Phone type iPhone 13
67%
Ethnicity Italian
67%
Favorite card game Poker
67%
Favorite amphibian Salamander
67%
Shoe size 11.5
33%
40 yard dash time 4.7
33%
Xbox username Ab0veCalvin
33%
2024 rec-league team All-American Benchwarmers
33%
Current rec-league team All-In Academy
33%
Favorite NFL player all-time Antonio Brown
33%
College his oldest brother goes to now Arkansas
33%
Birthday August 27, 2007
33%
Favorite Fortnite season Chapter 1 season 4
33%
First name Domenic
33%
Favorite dude perfect member Garrett
33%
Middle name Joseph
33%
Mom's name Melissa
33%
Favorite video game all-time Minecraft
33%
Mobile game he's spent the most money on Pixel Gun 3D
33%
Favorite book in the bible Proverbs
33%
Dog's name Sammy
33%
Favorite football team Steelers
33%
1st-2nd grade school St. Joseph
33%
Favorite natural disaster Tsunami
33%
Favorite color Turquoise
33%
Other brothers name Vinnie
33%
Oldest brother name Vito
33%
Vertical jump (in) 36.3
0%
2024 Field-goal percentage 77
0%
Day of injury April 7, 2018
0%
Girlfriend's name Aubrey Boeckmann
0%
Birth city Belleville, Illinois
0%
Worst injury Broken nose
0%
Favorite pasta Bucatini
0%
Favorite computer game Drive Mad
0%
Baseball position First base
0%
Favorite cereal Fruity Pebbles
0%
Dad's name Gaspare
0%
Car he drives currently Jeep Wrangler
0%
Favorite bone Pelvis
0%
Favorite Christmas movie Polar Express
0%
Favorite Minecraft block Prismarine bricks
0%
City he used to live in St. Charles
0%
No matching quizzes found
Score Distribution
Percent of People with Each Score
Percentile by Number Answered
Your Score History
You have not taken this quiz